| 000 | 01126pam a2200337 a 4500 | ||
|---|---|---|---|
| 001 | 1054078 | ||
| 003 | OSt | ||
| 005 | 20140310182708.0 | ||
| 008 | 900508s1999 maua 001 0 eng | ||
| 010 | _a 90038775 | ||
| 020 | _a0534357784 | ||
| 040 |
_aDLC _cDLC _dDLC |
||
| 050 | 0 | 0 |
_aQA 276 _b.M537 1990 |
| 082 | 0 | 0 |
_aM 519.5 _bM52 1999 |
| 100 | 1 | _aMendenhall, William. | |
| 245 | 1 | 0 |
_aIntroduction to probability and statistics. _cMendenhall, William |
| 250 |
_a8th ed. / _bWilliam Mendenhall, Robert J. Beaver. |
||
| 260 |
_aBoston : _bDuxbury Press, _cc1999 |
||
| 300 |
_axv, 716 p. : _bill. ; _c25 cm. |
||
| 500 | _aIncludes index. | ||
| 521 | _aHigh School to College Student | ||
| 526 | _c0L to 1700L | ||
| 541 | _j1 | ||
| 562 | _efor circulation. 1 copy available in the collection | ||
| 650 | 0 | _aMathematical statistics. | |
| 650 | 0 | _aProbabilities. | |
| 700 | 1 | _aBeaver, Robert J. | |
| 906 |
_a7 _bcbc _corignew _d1 _eocip _f19 _gy-gencatlg |
||
| 942 |
_2lcc _cBK _kM |
||
| 999 |
_c15224 _d15224 |
||